Missing Word: College Movies Quiz Stats

 Plays Quiz Updated Aug 21, 2014

Support Sporcle.
Go Orange.
Score 0/18 Timer 03:00
2 Plays Today
Movie Missing Word % Correct
Legally _____Blonde
95.5%
_____ Pie 2American
95.2%
I Still Know What You Did Last _____Summer
91.8%
Animal _____House
90.3%
The _____ NetworkSocial
86.9%
Pitch _____Perfect
86%
_____ of the NerdsRevenge
84.8%
Mona Lisa _____Smile
82.4%
_____ to SchoolBack
82.1%
Movie Missing Word % Correct
Old _____School
73%
Road _____Trip
67.3%
The _____ DebatersGreat
62.3%
_____ WilderVan
61%
We Are _____Marshall
53.4%
The _____ of AttractionRules
52.3%
Glory _____Road
43%
The House _____Bunny
41.7%
_____ GeniusReal
29.6%

Today's Daily Dose

Missing Word
1944 Movies A-Z

Word Ladder
An Angry Alt+F4

Get the Picture
Colors in 4 Languages

You're not logged in!

Compare scores with friends on all Sporcle quizzes.
OR
Log In

From the Vault

19 Ways Not to 'Park'

by timmylemoine1

Go to a mall parking lot during the holidays and you'll realize there are actually about 100 ways not to park.
Remove Ads.
Support Sporcle.
Get the best of Sporcle when you Go Orange. This ad-free experience offers more features, more stats, and more fun while also helping to support Sporcle. Thank you for becoming a member.

Show Comments

Extras

Top Quizzes Today


Score Distribution

Your Account Isn't Verified!

In order to create a playlist on Sporcle, you need to verify the email address you used during registration. Go to your Sporcle Settings to finish the process.

Report this User

Report this user for behavior that violates our Community Guidelines.

Details: